Responsabilidad estatal frente a los hechos de actores privados Jurisprudencia internacional /

Detalles Bibliográficos
Autor principal: Attanasio, David. L.
Formato: eBook
Lenguaje:español
Publicado: Bogot:̀ Universidad de Los Andes (Colombia), 2016
Materias:
Acceso en línea:Acceso restringido

MARC

LEADER 00000nam a22000007a 4500
005 2019051402172.0
007 cr|||| ||||
008 190514s2016 co |||||s|||| 00||0 spa d
020 |a 978-958-35-1113-4 
035 |a 23374 
040 |a vLex 
090 |c 8691  |d 8691 
100 1 |a Attanasio, David. L. 
245 1 0 |a Responsabilidad estatal frente a los hechos de actores privados  |h [Recurso electrn̤ico] :  |b Jurisprudencia internacional /  |c David. L. Attanasio 
256 |a Servicio en ln̕ea 
260 |a Bogot:̀  |b Universidad de Los Andes (Colombia),  |c 2016 
300 |a 1 recurso electrn̤ico 
500 |a Este libro busca identificar y reconstituir los principios de la responsabilidad estatal frente a los hechos de actores privados que existen en la prc̀tica de derecho internacional contemporǹeo. Su punto de partida no es la teora̕ de derecho internacional sino su prc̀tica en las principales instancias internacionales de carc̀ter judicial y cuasi-judicial. En este sentido, intenta, con fundamento en la jurisprudencia de estas instancias, defender una interpretacin̤ de los principios de responsabilidad contenidos al largo de estas decisiones. El principal objetivo es mostrar por qu ̌y bajo qu ̌circunstancias un Estado puede ser hallado responsable cuando actores privados cometen hechos contrarios al derecho internacional. Ser ̀de utilidad para el investigador, el juez, o el abogado que enfrente casos que involucren hechos de actores privados y sus relaciones con el Estado, tanto en derecho internacional como en derecho constitucional. 
506 1 |a Disponible solo en los productos indicados  |d vLex Global  |d vLex Global (Academic Edition, excluding Law Schools)  |d vLex Global (U.S. Academic Edition, Law Schools)  |d vLex Global (U.S. Academic Edition, excluding Law Schools)  |d vLex Global (Academic Edition, Law Schools) 
650 0 4 |a Derecho Internacional  |z Colombia 
740 0 |a vLex Libros (Servicio en ln̕ea) 
856 4 0 |u http://vlex.com/source/responsabilidad-estatal-frente-a-los-hechos-de-actores-privados-jurisprudencia-internacional-23374  |z Acceso restringido 
942 |c BOOK 
999 0 |a International right